Supercell Spiele - Statistiken

Allgemein
  • Dieses Quiz wurde 269 mal gespielt
    92 seit der letzten Aktualisierung
  • Das Durchschnittsergebnis liegt bei 5 aus 6
Antwortstatistiken
Antwort % Korrekt
Clash Of Clans
100%
Brawl Stars
87%
Clash Royale
87%
Hay Day
77%
Boom Beach
64%
Squad Busters
40%
Keine übereinstimmenden Quizze gefunden
Verteilung der Resultate
Anzahl Personen mit jedem Resultat
Perzentil nach korrekt beantworteten Fragen
Ihre Resultats-Entwicklung
Sie haben dieses Quiz seit der letzten Aktualisierung nicht gespielt